000 00958nam a22002897a 4500
001 4566
003 FISKH
005 20240917091106.0
008 240917b cb ||||| |||| 00| 0 eng d
020 _a9780545284226
040 _aFISKH
_beng
_cFISKH
_dFISKH
050 _aPZ7.A953
082 _2662
100 _aAvi
_d1937-
245 _aMurder at midnight /
_cAvi
250 _aFirst paperback printing in 2010
260 _aNew York :
_bScholastic,
_c2010.
300 _a254 pages :
_c20cm
505 _aN
520 _aFalsely accused of plotting to overthrow King Claudio, scholarly Mangus the magician, along with his street-smart servant boy, Fabrizio, face deadly consequences unless they can track down the real traitor by the stroke of midnight.
521 8 _a590L
_bLexile
521 8 _aN
_bRaz-Plus
650 _2Mystery
_aMagicians
_vMiddle grade
650 _2Murder
_aJuvenile fiction
942 _2ddc
_cBK
_n0
999 _c4566
_d4566